Quaerentes scientiam : Festgabe für Wolfhart Westendorf zu seinem 70. Geburtstag, überreicht von seinem Schülern /

محفوظ في:

المؤلف الرئيسي: Behlmer, Heike (مؤلف)

مؤلفون آخرون: Westendorf, Wolfhart.

التنسيق: كتاب

اللغة: German

منشور في: Gottingen : Seminar fur Agyptologie und Koptologie, 1994.

الموضوعات:

الوسوم: إضافة وسم

لا توجد وسوم, كن أول من يضع وسما على هذه التسجيلة!

رقم الطلب: PJ1026 .W47 Q347

LEADER 01028namaa2200265 4500
003 OSt
005 20200715132919.0
008 130303s1994 gw a e 000 0 ger d
952 |0 0  |1 0  |2 lcc  |4 0  |6 PJ1026 W47 Q347  |7 1  |9 3894  |a ARCE  |b ARCE  |d 2020-07-15  |l 0  |o PJ1026 .W47 Q347  |p 1002645  |r 2020-07-15 00:00:00  |w 2020-07-15  |y BK 
999 |c 6947  |d 6947 
040 |c ARCE Library 
050 |a PJ1026 .W47 Q347 
100 1 |a Behlmer, Heike,  |e author  |9 26512 
245 1 0 |a Quaerentes scientiam :  |b Festgabe für Wolfhart Westendorf zu seinem 70. Geburtstag, überreicht von seinem Schülern /  |c Heike Behlmer ; Wolfhart Westendorf. 
264 1 |a Gottingen :  |b Seminar fur Agyptologie und Koptologie,  |c 1994. 
300 |a 214 pages :  |b illustrations ;  |c 25 cm. 
336 |a text  |b txt  |2 rdacontent 
337 |a unmediated  |b n  |2 rdamedia 
338 |a volume  |b nc  |2 rdacarrier 
650 0 |a Egyptian philology. 
651 0 |a Egypt  |x Antiquities. 
651 0 |a Egypt  |x Civilization. 
700 1 |a Westendorf, Wolfhart.  |9 42093 
901 |a reviewed 
942 |c BK  |2 lcc